Network Systems Design / Using Network Processors Intel Ixp Version (Record no. 3725)
[ view plain ]
| 000 -LEADER | |
|---|---|
| fixed length control field | 01196cam a22001934a 4500 |
| 005 - ΗΜΕΡΟΜΗΝΙΑ ΚΑΙ ΩΡΑ ΤΕΛΕΥΤΑΙΑΣ ΕΝΗΜΕΡΩΣΗΣ | |
| Πεδίο ελέγχου | 20250724134459.0 |
| 008 - FIXED-LENGTH DATA ELEMENTS--GENERAL INFORMATION | |
| Πεδίο ελέγχου σταθερού μήκους | 250528s ||||||||||||||||||||||||d |
| 035 ## - SYSTEM CONTROL NUMBER | |
| System control number | 18363 |
| 020 ## - ISBN | |
| ISBN | 131417924 |
| 040 ## - ΠΗΓΗ ΚΑΤΑΛΟΓΟΓΡΑΦΗΣΗΣ | |
| Φορέας πρωτότυπης καταλογογράφησης | MC Athens Campus Library |
| Γλώσσα καταλογογράφησης | Ελληνικά, Μοντέρνα (1453-) |
| Modifying agency | MC Athens Campus Library |
| Κανόνες περιγραφικής καταλογογράφησης | AACR2 |
| 245 1# - ΤΙΤΛΟΣ ΚΑΙ ΔΗΛΩΣΗ ΥΠΕΥΘΥΝΟΤΗΤΑΣ | |
| Τίτλος | Network Systems Design / Using Network Processors Intel Ixp Version |
| 260 ## - PUBLICATION, DISTRIBUTION, ETC. | |
| Name of publisher, distributor, etc. | Prentice Hall, |
| Date of publication, distribution, etc. | 2004 |
| 300 ## - PHYSICAL DESCRIPTION | |
| Extent | 518 |
| 520 ## - SUMMARY, ETC. | |
| Summary, etc. | This text explains the software and hardware architectures used to implement the Internet, including switches, routes, bridges, NAT boxes, firewalls, intrusion-detection systems and load balancers. Foreword, Preface, Introduction and Overview, Review of Protocols and Packet Format, Traditional Protocol Processing Systems, Conventional Computer Hardware Architecture, Packet Processing Functions, Classification and Forwarding, Networks Processor Technology, Issues in Scaling A Network Processor, Languages Used for Classification, Example Network Processor, Overview of the Intel Network Processor, Micro Engine Programming, An Example ACE, Glossary of Terms and Abbreviations, Bibliography, Index. |
| 700 1# - ΠΡΟΣΘΕΤΗ ΑΝΑΓΡΑΦΗ--ΦΥΣΙΚΟ ΠΡΟΣΩΠΟ | |
| Personal name | Comer, Douglas E. |
| 9 (RLIN) | 2949 |
| 942 ## - ADDED ENTRY ELEMENTS (KOHA) | |
| Koha item type | Books |
| Τύπος τεκμηρίου | Βιβλιοθήκη | Τρέχουσα τοποθεσία | Barcode | Αριθμός εισαγωγής | Ημερομηνία απόκτησης | Ταξιθετικό σύμβολο | Αριθμός αντιτύπου | Κατάσταση απόσυρσης | Κατάσταση χαμένου | Κατάσταση κατεστραμμένου | Μη δανεισμός | Σύνολο δανεισμών | Ημερομηνία τελευταίας εμφάνισης | Η τιμή ισχύει από |
|---|---|---|---|---|---|---|---|---|---|---|---|---|---|---|
| Books | MC Athens Campus Library | MC Athens Campus Library | 9780000037244 | 3008 | 05/06/2025 | 004.65 COM | 1 | 05/06/2025 | 05/06/2025 |